Ballon d'Or 1980 - Statistiken

Allgemein
  • Dieses Quiz wurde 32 mal gespielt
  • Das Durchschnittsergebnis liegt bei 9 aus 32
Antwortstatistiken
Platz Spieler Verein/e Nation Punkte % Korrekt
1. Karl-Heinz Rummenigge FC Bayern München Deutschland 122
100%
2. Bernd Schuster 1.FC Köln/FC Barcelona Deutschland 34
86%
3. Michel Platini AS Saint-Étienne Frankreich 33
82%
8. Hansi Müller VfB Stuttgart Deutschland 11
68%
6. Horst Hrubesch Hamburger SV Deutschland 18
68%
14. Bruno Pezzey Eintracht Frankfurt Österreich 5
54%
10. Manfred Kaltz Hamburger SV Deutschland 10
54%
11. Dino Zoff Juventus Turin Italien 9
39%
22. Zbigniew Boniek Widzew Lódz Polen 2
36%
7. Herbert Prohaska FK Austria Wien Österreich 14
32%
14. Kenny Dalglish FC Liverpool Schottland 5
32%
22. Antonín Panenka Bohemians Prag 1905 Tschechoslowakei 2
29%
5. Jan Ceulemans Club Brügge Belgien 20
29%
27. Alessandro Altobelli Inter Mailand Italien 1
21%
16. Ruud Krol Ajax Amsterdam/Vancouver Whitecaps Niederlande 4
18%
8. Liam Brady FC Arsenal(Juventus Turin Irland 11
14%
27. Zdenek Nehoda Dukla Prag Tschechoslowakei 1
14%
27. Giancarlo Antognoni AC Florenz Italien 1
11%
20. Manuel Bento Benfica Lissabon Portugal 3
11%
11. Erwin Vandenbergh Lierse SK Belgien 9
7%
16. Francesco Graziani FC Turin Italien 4
7%
11. Luis Arconada Real Socieedad San Sebastián Spanien 9
7%
27. Peter Shilton Nottingham Forest England 1
7%
4. Wilfried Van Moer KFC Beringen/KSK Beveren Belgien 27
7%
22. David O'Leary FC Arsenal Irland 2
4%
22. Frank Arnesen Ajax Amsterdam Niederlande 2
4%
16. Terry McDermott FC Liverpool England 4
4%
27. Trevor Francis Nottingham Forest England 1
4%
16. Viv Anderson Nottingham Forest England 4
4%
22. Vladimir Petrovic Roter Stern Belgrad Jugoslawien 2
4%
20. Ladislav Vízek Dukla Prag Tschechoslowakei 3
0%
27. Marcel Raducanu Steaua Bukarest Rumänien 1
0%
Keine übereinstimmenden Quizze gefunden
Verteilung der Resultate
Anzahl Personen mit jedem Resultat
Perzentil nach korrekt beantworteten Fragen
Ihre Resultats-Entwicklung
Sie haben dieses Quiz noch nicht gespielt